<?xml version="1.0" encoding="UTF-8"?>
<marc:record xmlns:marc="http://www.loc.gov/MARC21/slim">
   <marc:leader>00000nam a2200000 a 4500</marc:leader>
   <marc:datafield ind1="0" ind2="0" tag="245">
      <marc:subfield code="a">Evergreen</marc:subfield>
   </marc:datafield>
   <marc:datafield ind1=" " ind2="1" tag="264">
      <marc:subfield code="a">Fürth</marc:subfield>
      <marc:subfield code="b">Goldsieber</marc:subfield>
      <marc:subfield code="c">0</marc:subfield>
   </marc:datafield>
   <marc:datafield ind1="1" ind2=" " tag="520">
      <marc:subfield code="a">Evergreens! Bei diesem Wort schlagen die Herzen der Konzertveranstalter höher: bekannte Titel beliebiger Sänger, die immer wieder die Säle füllen. Mit Hilfe von Einflußkarten versuchen die Spieler als Konzertveranstalter Künstler für Konzerte zu verpflichten. Für große Auftritte möglichst vieler Interpreten erhalten sie dann Punkte.</marc:subfield>
   </marc:datafield>
   <marc:datafield ind1="0" ind2=" " tag="490">
      <marc:subfield code="v">0</marc:subfield>
   </marc:datafield>
</marc:record>
